Nomme les deux kpop idols sur la photo - Statistiques

Statistiques générales
  • Ce quiz a été pris 232 fois
  • Le résultat moyen est 6 sur 16
Statistiques - réponses
Par images Réponse % Correct
Changbin Yeonjun
78%
Jennie Irene
77%
Lisa Minnie
66%
Mingyu Jungkook
61%
Kai Taemin
56%
Jackson RM
55%
Jisoo Seulgi
50%
Leeknow Chaewon
38%
Hanni IU
35%
Yeri Nayeon
26%
Taeyeon Key
24%
Chaeyoung Somi
22%
Seulgi Taeyong
19%
Heechul Suga
15%
Suzy IU
14%
Sunwoo Yoon
7%
Aucun quiz correspondant
Distribution des résultats
% des personnes avec chaque résultat
Percentile par nombre de réponses
Votre historique - résultats
Vous n’avez pas pris ce quiz